Normal view
MARC view
- Applied Coding and Information Theory for Engineers
Entry Topical Term
001 - CONTROL NUMBER
- control field: 123437
003 - CONTROL NUMBER IDENTIFIER
- control field: NUST
005 - DATE AND TIME OF LATEST TRANSACTION
- control field: 20240611090404.0
008 - FIXED-LENGTH DATA ELEMENTS
- fixed length control field: 240611|| aca||aabn | a|a d
040 ## - CATALOGING SOURCE
- Original cataloging agency: NUST
- Transcribing agency: NUST
150 ## - HEADING--TOPICAL TERM
- Topical term or geographic name entry element: Applied Coding and Information Theory for Engineers
670 ## - SOURCE DATA FOUND
- Source citation: Work cat.: (NUST): Wells. B, Richard 123436, Applied Coding and Information Theory for Engineers, 1999.
